| 000 | 00661nam a2200217 a 4500 | ||
|---|---|---|---|
| 005 | 20240228063850.0 | ||
| 008 | 031103s1999 mx r 000 0 spa d | ||
| 020 | _a970183593X | ||
| 035 | _aUPN01000130614 | ||
| 049 | _aI | ||
| 050 | 4 |
_aN42 _bB3.4 |
|
| 100 | 1 |
_aBaumbusch, Brigitte _930314 |
|
| 245 | 1 | 0 |
_aAnimales / _cBrigitte Baumbusch ; tr. Sergio Martínez. |
| 260 |
_aMéxico : _bCONACULTA, _c1999. |
||
| 300 |
_a29 p. : _bprincipalmente il. col. |
||
| 440 | 0 | _aArte para niños | |
| 650 | 4 |
_aARTE - _xHISTORIA - _vLITERATURA JUVENIL _92488 |
|
| 650 | 4 |
_aLibros y lectura para niños _92290 |
|
| 650 | 4 |
_aANIMALES EN EL ARTE _94741 |
|
| 905 | _aInfantil | ||
| 999 |
_c102771 _d102771 |
||